| 000 | 00498nam a22001937a 4500 | ||
|---|---|---|---|
| 003 | LK-CoMWRAF | ||
| 005 | 20231018085549.0 | ||
| 008 | 231018b |||||||| |||| 00| 0 eng d | ||
| 020 | _a0333014642 | ||
| 040 |
_aLK-CoMWRAF _dLK-CoMWRAF _eLK-CoMWRAF |
||
| 041 | _aeng | ||
| 082 |
_a821.91 _bNIN |
||
| 245 |
_aNine modern poets : _bAn anthology |
||
| 260 |
_aLondon : _bMacmillan education, _c1966 |
||
| 300 | _ax, 230p. ; 21 cm. | ||
| 650 | _aPoetry | ||
| 700 |
_aBlack, E. L. _eed. |
||
| 942 | _cBK | ||
| 999 |
_c3923 _d3923 |
||